00238 a2200109 4500001000700000040003500007100002000042240002700062245002200089300000800111362000900119156193 cEscola São Tomás de Aquino aMCDONALD, Megan10aNatal super legallpor10aNatal super legal a1140 a2008